Light it up / Kekla Magoon.
Available copies
- 3 of 3 copies available at LARL/NWRL Consortium.
- 2 of 2 copies available at Lake Agassiz Regional Library. (Show preferred library)
Current holds
0 current holds with 3 total copies.
Show Only Available Copies
| Location | Call Number / Copy Notes | Barcode | Shelving Location | Status | Due Date |
|---|---|---|---|---|---|
| Detroit Lakes Public Library | Y MAG (Text) | 33500013162193 | Main | Available | - |
| Moorhead Public Library | Y MAG (Text) | 33500013162201 | Main | Available | - |
| Grygla LINK Site | ya MAG (Text) | 35500006249922 | Main | Available | - |
Record details
- ISBN: 9781250128898
- ISBN: 1250128897
- Physical Description: pages cm
- Edition: First edition.
- Publisher: New York : Henry Holt and Company, 2019.
Content descriptions
| Summary, etc.: | Told from multiple viewpoints, Shae Tatum, an ... Read More |
Search for related items by subject
| Subject: | Death > Fiction. Police shootings > Fiction. Race relations > Fiction. African Americans > Fiction. |
| LDR | 01293cam a22003858i 4500 | ||
|---|---|---|---|
| 001 | 326637 | ||
| 003 | LARL_NWRL_CONSORTIUM | ||
| 005 | 20191118182442.0 | ||
| 008 | 190131s2019 nyu d 000 1 eng | ||
| 010 | . | ‡a 2019002033 | |
| 040 | . | ‡aDLC ‡beng ‡erda ‡cDLC | |
| 020 | . | ‡a9781250128898 ‡q(hardcover) | |
| 020 | . | ‡a1250128897 | |
| 035 | . | ‡a(OCoLC)1063702230 | |
| 042 | . | ‡apcc ‡alcac | |
| 082 | 0 | 0. | ‡a[Fic] ‡223 |
| 100 | 1 | . | ‡aMagoon, Kekla, ‡eauthor. ‡0(LARL_NWRL_CONSORTIUM)197319 |
| 245 | 1 | 0. | ‡aLight it up / ‡cKekla Magoon. |
| 250 | . | ‡aFirst edition. | |
| 264 | 1. | ‡aNew York : ‡bHenry Holt and Company, ‡c2019. | |
| 300 | . | ‡apages cm | |
| 336 | . | ‡atext ‡btxt ‡2rdacontent | |
| 337 | . | ‡aunmediated ‡bn ‡2rdamedia | |
| 338 | . | ‡avolume ‡bnc ‡2rdacarrier | |
| 520 | . | ‡aTold from multiple viewpoints, Shae Tatum, an unarmed, thirteen-year-old black girl, is shot by a white police officer, throwing their community into upheaval and making it a target of demonstrators. | |
| 650 | 1. | ‡aDeath ‡vFiction. ‡0(LARL_NWRL_CONSORTIUM)164548 | |
| 650 | 1. | ‡aPolice shootings ‡vFiction. | |
| 650 | 1. | ‡aRace relations ‡vFiction. ‡0(LARL_NWRL_CONSORTIUM)167002 | |
| 650 | 1. | ‡aAfrican Americans ‡vFiction. ‡0(LARL_NWRL_CONSORTIUM)163084 | |
| 905 | . | ‡uvanderl | |
| 901 | . | ‡a326637 ‡b ‡c326637 ‡tbiblio ‡soclc | |

Add to basket
Permalink
Disable Highlighting